Statistiken für Berühmte Schweden - Bildquiz

Klicken Sie hier um das Quiz zu spielen!

Allgemein

  • Dieses Quiz wurde 71 mal gespielt
  • Das Durchschnittsergebnis liegt bei 6 aus 18

Antwortstatistiken

Antwort% Korrekt
Astrid Lindgren
82%
Zlatan Ibrahimovic
77%
Alfred Nobel
60%
Kronprinzessin Victoria
60%
Avicii
57%
Ingrid Bergman
48%
Olof Palme
40%
Björn Borg
37%
Greta Garbo
35%
Selma Lagerlöf
35%
Dolph Lundgren
33%
Stellan Skarsgård
15%
Alicia Vikander
12%
Max von Sydow
10%
Britt Ekland
10%
Anita Ekberg
10%
Peter Stormare
5%
August Strindberg
5%

Verteilung der Resultate

Perzentil nach korrekt beantworteten Fragen

Anzahl Personen mit jedem Resultat

Ihre Resultats-Entwicklung

Sie haben dieses Quiz noch nicht gespielt